| 000 | 00575nam a2200229Ia 4500 | ||
|---|---|---|---|
| 003 | OSt | ||
| 005 | 20221005122400.0 | ||
| 006 | a|||||r|||| 00| 0 | ||
| 007 | ta | ||
| 008 | 221004b |||||||| |||| 00| 0 pur d | ||
| 024 | _a9777 | ||
| 037 | _cTextual | ||
| 040 |
_aCRL _cCRL _bpur |
||
| 041 |
_2pur _apur |
||
| 082 | _aO164,1E48x, 168H6 | ||
| 100 |
_aRiaz Junaidi _9631880 |
||
| 245 | 0 | _aJazbat e Umar Khayyam | |
| 260 | _c1946 | ||
| 650 | _aURDU LITERATURE | ||
| 942 |
_hO164,1E48x, 168H6 _cTEXL _2cc |
||
| 999 |
_c1044112 _d1044112 |
||